| 000 | 00648nam a2200193 i 4500 | ||
|---|---|---|---|
| 001 | 155371 | ||
| 003 | ES-MaACL | ||
| 005 | 20250717090417.0 | ||
| 008 | 040720s1895 gt |||| | spa d | ||
| 100 | 1 |
_aHerrera, M.A. _9127929 |
|
| 245 | 1 | 0 |
_aIdea general de la filosofía positiva y de la sicologia moderna / _c[M.A. Herrera]. |
| 250 | _a2ª ed. | ||
| 260 |
_aGuatemala : _b[s.n.], _c1895 ( _fTipografía "La Unión") |
||
| 300 |
_aXIV, 479 p. ; _c19 cm. |
||
| 594 | _aAutor tomado de la dedicatoria. | ||
| 650 | 0 | 7 |
_aPositivismo _2embne _916324 |
| 852 |
_aES-MaACL _jG-3699 _z- Enc. hol., conservando cub. original |
||
| 999 |
_c155371 _d155371 |
||